000 00695nam a2200157 a 4500
008 120416s1980 ||||||||||||||||| || u
050 _aTH 6021 All
100 _aAllen, Edward
245 1 0 _aHow buildings work
246 _athe natural order of architecture
260 _aNew York
_bOxford University Press
_c1980
300 _avi, 245 pages : illustrations
350 _a0.00
995 _aMAIN LIBRARY OPEN ACCESS
_D0.00
_e723015
_FCBU-MAIN LIBRARY (Kitwe)
_H1
_I15.95
_jTH 6010 Ste
_M2
_UAVAILABLE
_y016297
_ZMain Library Open Access Collection
995 _aANNEX COLLECTION (Main Library)
_D0.00
_e705301
_FCBU-MAIN LIBRARY (Kitwe)
_H2
_I0.00
_jTH 6021 All
_UAVAILABLE
_y016296
_ZAnnex Low-Usage Collection
999 _c76354
_d76354